| 000 | 00364nam a2200145Ia 4500 | ||
|---|---|---|---|
| 008 | 230917s9999||||xx |||||||||||||| ||und|| | ||
| 040 |
_e158441 _aMAIN |
||
| 041 | _aEnglish | ||
| 082 | _a363.728 R137M | ||
| 100 | _aRamachandra, T V | ||
| 245 | 0 | _aManagement of Municipal solid waste | |
| 260 |
_aNew Delhi _bTeri Press _c2009 |
||
| 300 | _a321 p. | ||
| 942 | _cBK | ||
| 999 |
_c155292 _d155292 |
||